000 00323 a2200157 4500
001 61017
020 _a
040 _cAnchieta - Pituba
100 _aZiberman, Regina
240 1 0 _aMário Quintana
_lpor
245 1 0 _aMário Quintana
300 _a112
362 0 _a1982
650 4 _aAnálise e crítica
942 _cBK
999 _c61017
_d61017